Superstars of science : (Record no. 4700)

MARC details
000 -LEADER
fixed length control field 01564nam a22002417a 4500
001 - CONTROL NUMBER
control field 4700
003 - CONTROL NUMBER IDENTIFIER
control field FISKH
005 - DATE AND TIME OF LATEST TRANSACTION
control field 20240923103705.0
008 - FIXED-LENGTH DATA ELEMENTS--GENERAL INFORMATION
fixed length control field 240923b cb ||||| |||| 00| 0 eng d
020 ## - INTERNATIONAL STANDARD BOOK NUMBER
International Standard Book Number 9780545826273
040 ## - CATALOGING SOURCE
Original cataloging agency FISKH
Language of cataloging eng
Transcribing agency FISKH
Modifying agency FISKH
050 ## - LIBRARY OF CONGRESS CALL NUMBER
Classification number Q141.G765
082 ## - DEWEY DECIMAL CLASSIFICATION NUMBER
Classification number 509.2
100 ## - MAIN ENTRY--PERSONAL NAME
Personal name Grant, R. G.
245 ## - TITLE STATEMENT
Title Superstars of science :
Remainder of title The brave, the bold, and the brainy
Statement of responsibility, etc. Created by Basher ; Written by R.G. Grant
260 ## - PUBLICATION, DISTRIBUTION, ETC.
Place of publication, distribution, etc. New York ;
Name of publisher, distributor, etc. Scholastic,
Date of publication, distribution, etc. 2015
300 ## - PHYSICAL DESCRIPTION
Extent 96 pages :
Other physical details color illustrations ;
Dimensions 23 cm
520 ## - SUMMARY, ETC.
Summary, etc. "Discover fun facts about the greatest scientists from history through Basher's fresh and unique illustration style. Did you know that Marie Curie used to keep radioactive materials in her pockets? Or that Mendeleyev literally dreamed up his famous periodic table? Superstars of Science tells the stories behind the big ideas in the fields of physics, chemistry, medicine, mathematics, cosmology, earth sciences, and engineering. Read about 40 great scientists including Newton and Einstein who produced theories that explained the way in which the Universe works, Crick and Watson who uncovered the structure of DNA, and Alexander Graham Bell who had the big idea that became the telephone. Each one of these greats of science has had some vital flash of insight that has changed the way we see the world and the way we live. Come meet the superstars of science!"
650 ## - SUBJECT ADDED ENTRY--TOPICAL TERM
Topical term or geographic name entry element Biography
Form subdivision Scientists
General subdivision History
700 ## - ADDED ENTRY--PERSONAL NAME
Personal name Basher
Relator term Creator
942 ## - ADDED ENTRY ELEMENTS (KOHA)
Source of classification or shelving scheme Dewey Decimal Classification
Koha item type Books
Suppress in OPAC No
Holdings
Withdrawn status Lost status Source of classification or shelving scheme Damaged status Not for loan Collection Home library Current library Shelving location Date acquired Total Checkouts Full call number Barcode Date last seen Price effective from Koha item type
    Dewey Decimal Classification     Non-Fiction Footprints International School Library Network Toul Kork Campus Footprints International School Library Network Toul Kork Campus A TK Campus, 4th Floor, Room B401, Non-Fiction Bookcases(7-8) 09/23/2024   GRA 509.2 Q141.G765 FISTK05525 09/23/2024 09/23/2024 Books